Adaptívne logistické systémy - inteligentné prepravné jednotky

Informácie o adaptívnej logistike a inteligentných prepravných jednotkách, ktoré sú jej súčasťou. Budúce inovácie očakávané v priemysle pre zaistenie trvalého rastu efektívnosti, konkurencieschopnosti a prosperity Slovenska.

Salvato in:
Dettagli Bibliografici
Autore principale: Gregor, Milan
Altri autori: Gregor, Tomáš
Natura: Capitolo di libro
Lingua:slovacco
Soggetti:
Tags: Aggiungi Tag
Nessun Tag, puoi essere il primo ad aggiungerne!!

MARC

LEADER 00000naa a2200000 4500
001 0214921
005 20231208114816.2
041 0 |a slo 
044 |a SK 
245 1 0 |a Adaptívne logistické systémy - inteligentné prepravné jednotky  |c Milan Gregor, Tomáš Gregor 
520 |a Informácie o adaptívnej logistike a inteligentných prepravných jednotkách, ktoré sú jej súčasťou. Budúce inovácie očakávané v priemysle pre zaistenie trvalého rastu efektívnosti, konkurencieschopnosti a prosperity Slovenska. 
610 2 0 |a logistika podniková 
610 2 0 |a manipulácia vnútroobjektová 
610 2 0 |a inovácia 
610 2 0 |a priemysel 
610 2 0 |a transfer inovácií 
610 2 0 |a efektívnosť inovácií 
100 1 |a Gregor, Milan 
700 1 |a Gregor, Tomáš